| Поле | Название | Значение |
| |
Тип записи |
c |
| |
Библиографический уровень |
m |
| 001 |
Контрольный номер |
RU/УОНБ/EK_N/551378710 |
| 005 |
Дата корректировки |
20250611105245.9 |
| 010 |
Индекс ISBN |
__ |
| 9 |
Тираж |
12400 экз. |
| 013 |
Номер (ISMN) |
__ |
| d |
Цена |
20 к. |
| 071 |
Издательские номер (звукозапись и ноты) |
21 |
| a |
Номер, присвоенный агентством |
31262 |
| 100 |
Данные общей обработки |
__ |
| a |
Данные общей обработки |
20170621d1964 u y0rusy0189||||ca |
| 101 |
Язык документа |
0_ |
| a |
Язык текста |
rus |
| f |
Язык титульного листа |
rus |
| 102 |
Страна публикации |
__ |
| a |
Страна публикации |
RU |
| 105 |
Кодированные данные (монография) |
__ |
| a |
Кодированные данные (монография) |
y###||||000|y |
| 125 |
Кодированные данные звукозаписи и нотных изданий |
__ |
| a |
Форма изложения нотного текста |
с| |
| 128 |
Кодированные данные (звукозаписи-физические характеристики) |
__ |
| a |
Кодированные данные: Музыкальная форма и тональность или лад |
ccn |
| c |
Инструменты или голоса, рекомендуемые для солистов (устаревшее) |
kt|| |
| 200 |
Заглавие и сведения об ответственности |
1_ |
| a |
Заглавие |
Песни советских композиторов |
| b |
Общее обозначение материала |
Ноты |
| 210 |
Выходные данные |
1_ |
| a |
Место издания |
Москва |
| c |
Издательство |
Музгиз |
| d |
Дата издания |
1964 |
| 215 |
Физическое описание |
__ |
| a |
Объем |
15 с. |
| d |
Формат |
29 см |
| 225 |
Серия |
0_ |
| a |
Серия |
Библиотека начинающего аккордеониста |
| v |
Обозначение тома |
[№] 29 |
| 327 |
Примечание о содержании |
11 |
| a |
Примечание о содержании |
Содерж. : Носов Г. Ленин с нами всегда. - Островский А. А у нас во дворе есть девчонка одна... - Бакалов Л. Песенка о моем доме. - Молчанов К. Звездная песня. - Соловьев-Седой В. Осень золотая ; Дорога, дорога : из кф. "Очередной рейс". - Долуханян А. Ой ты, рожь. - Петров А. Песня о друге : из кф. "Путь к причалу". - Дунаевский И. Ой цветет калина. |
| 464 |
Аналитический уровень |
_0 |
| 1 |
|
2001 |
| a |
|
Ленин с нами всегда |
| 1 |
|
700 1 |
| a |
|
Носов |
| b |
|
Г. |
| 464 |
Аналитический уровень |
_0 |
| 1 |
|
2001 |
| a |
|
А у нас во дворе есть девчонка одна... |
| 1 |
|
700 1 |
| a |
|
Островский |
| b |
|
А. |
| 464 |
Аналитический уровень |
_0 |
| 1 |
|
2001 |
| a |
|
Песенка о моем доме |
| 1 |
|
700 1 |
| a |
|
Бакалов |
| b |
|
Л. |
| 464 |
Аналитический уровень |
_0 |
| 1 |
|
2001 |
| a |
|
Звездная песня |
| 1 |
|
700 1 |
| a |
|
Молчанов |
| b |
|
К. |
| 464 |
Аналитический уровень |
_0 |
| 1 |
|
2001 |
| a |
|
Осень золотая |
| 1 |
|
700 1 |
| a |
|
Соловьев-Седой |
| b |
|
В. |
| 464 |
Аналитический уровень |
_0 |
| 1 |
|
2001 |
| a |
|
Ой ты, рожь |
| 1 |
|
700 1 |
| a |
|
Долуханян |
| b |
|
А. |
| 464 |
Аналитический уровень |
_0 |
| 1 |
|
2001 |
| a |
|
Песня о друге |
| e |
|
из кф. "Путь к причалу" |
| 1 |
|
700 1 |
| a |
|
Петров |
| b |
|
А. |
| 1 |
|
50010 |
| a |
|
Путь к причалу |
| 464 |
Аналитический уровень |
_0 |
| 1 |
|
2001 |
| a |
|
Ой цветет калина |
| 1 |
|
7001 |
| a |
|
Дунаевский |
| b |
|
И. |
| 464 |
Аналитический уровень |
_0 |
| 1 |
|
2001 |
| a |
|
Дорога, дорога |
| e |
|
из кф. "Очередной рейс" |
| 1 |
|
700 1 |
| a |
|
Соловьев-Седой |
| b |
|
В. |
| 1 |
|
50010 |
| a |
|
Очередной рейс |
| 512 |
Заглавие обложки |
1_ |
| a |
Заглавие обложки |
Песни советских композиторов |
| 606 |
Тематические рубрики |
0_ |
| a |
Основная рубрика |
Аккордеон |
| x |
Основная подрубрика |
Песни советских композиторов |
| 610 |
Ключевые слова |
0_ |
| a |
Ключевые слова |
песни советских композиторов |
| 610 |
Ключевые слова |
0_ |
| a |
Ключевые слова |
аккордеон |
| 686 |
Индексы других классификаций |
__ |
| a |
Классификационный индекс |
85.954.7-094я43 |
| 2 |
Код системы |
rubbk |
| 801 |
Источник записи |
_0 |
| a |
Страна |
RU |
| b |
Организация |
Ульяновская ОНБ |
| c |
Дата составления |
20170621 |
| g |
Правила каталогизации |
RCR |
| 801 |
Источник записи |
_1 |
| a |
Страна |
RU |
| b |
Организация |
Ульяновская ОНБ |
| c |
Дата составления |
20170621 |
| g |
Правила каталогизации |
RCR |
| 901 |
Тип документа |
__ |
| t |
Тип документа |
m |
| 909 |
Создатель записи |
__ |
| a |
Создатель записи |
Никитина Т. А. |
| 910 |
Корректоры записи |
__ |
| a |
Корректор записи |
Васина |
| 938 |
Служебная информация |
__ |
| a |
Имя БД |
noti |
| b |
Имя библиотеки |
УОНБ |
| c |
Имя АИБС |
МАРК-SQL |
| d |
Номер DOC_ID в БД |
16497 |